Expert Data Structures with C (Record no. 212)

MARC details
000 -LEADER
fixed length control field 00267nam a2200121Ia 4500
008 - FIXED-LENGTH DATA ELEMENTS--GENERAL INFORMATION
fixed length control field 221030s9999 xx 000 0 und d
041 ## - LANGUAGE CODE
Language code of text/sound track or separate title
082 ## - DEWEY DECIMAL CLASSIFICATION NUMBER
Classification number 105.23
Item number MCA
245 #0 - TITLE STATEMENT
Title Expert Data Structures with C
Sub Title CD
260 ## - PUBLICATION, DISTRIBUTION, ETC. (IMPRINT)
Year of publication 2004
650 ## - SUBJECT ADDED ENTRY--TOPICAL TERM
Topical Term Book
942 ## - ADDED ENTRY ELEMENTS (KOHA)
Koha item type Cd
Holdings
Accession Number Full call number Price effective from Koha item type Withdrawn / writtenoff status Materials specified (bound volume or other part) Damaged status Not for loan Permanent Location Current Location Shelving location Date acquired Lost/ Missing status department
CD MCA 1386 105.23 MCA 10/30/2022 Cd   Soft Copy     MIET Library, Jammu MIET Library, Jammu BL-First, FL-1, CUP-21, SH-0, R-0 04/10/2007   MCA
CD MCA 1385 105.23 MCA 10/30/2022 Cd   Soft Copy     MIET Library, Jammu MIET Library, Jammu BL-First, FL-1, CUP-21, SH-0, R-0 04/25/2007   MCA
CD BE 9028 BE 10/30/2022 Cd   Soft Copy     MIET Library, Jammu MIET Library, Jammu BL-, FL-, CUP-0, SH-0, R-0 02/01/2020   BE
CD BE 9029 BE 10/30/2022 Cd         MIET Library, Jammu MIET Library, Jammu BL-, FL-, CUP-0, SH-0, R-0 02/01/2020   BE